000 00509nam a2200181Ia 4500
001 7707
005 20260306160515.0
008 260306t2011||||xx |||||||||||||| ||spa||
041 _aESP
082 _a352.34
_bD75
100 _aDiez Hurtado, Alejandro
_eAUT
245 0 _aGobernabilidad e integración social:
_bLa cooperación suiza y la articulación entre gobierno y sociedad rural
260 _c2011
300 _a39 páginas :
_c30 cm.
650 _aGEN
654 _aCAN
942 _cLIB
_dJUS
_fJUS
_2ddc
_n
999 _c7707
_d7707